01454cam a2200277 a 45000010009000000050017000090080041000260100017000670200029000840400018001130430021001310500024001520820020001761000024001962450115002202500012003352600037003473000028003845040051004125050488004636500049009516500042010006500033010427000019010758560082010941512072420170105102921.0071221s2008 nyu b 001 0 eng  a 2007051400 a9781846141287(hardcover) aDLCcDLCdDLC aa-iq---an-us---00aDS79.76b.S698 200800a956.7044/312221 aStiglitz, Joseph E.14aThe three trillion dollar war :bthe true cost of the Iraq conflict /cJoseph E. Stiglitz and Linda J. Bilmes. a1st ed. aNew York :bW.W. Norton,cc2008. axxiii, 311 p. ;c22 cm. aIncludes bibliographical references and index.0 aIs it really three trillion? -- The costs to the nation's budget -- The true cost of caring for our veterans -- Costs of war that the government doesn't pay -- The macroeconomic effects of the war -- Global consequences -- Exiting Iraq -- Learning from our mistakes : reforms for the future -- Appendices: President's letter to the Speaker of the House of Representatives on the Emergency Appropriations Act -- Evolving DOD Web sites for Operation Iraqi Freedom -- On methodologies. 0aIraq War, 2003-2011xFinancezUnited States. 0aWarxEconomic aspectszUnited States. 0aWarxEconomic aspectszIraq.1 aBilmes, Linda.413Table of contents onlyuhttp://www.loc.gov/catdir/toc/ecip087/2007051400.html